000 01432 a2200229 4500
001 60332
005 20260407155853.0
008 260407a1984 arg spa d
003 AR-UNSa-BCEJYS
040 _aAR-UNSa-BCEJYS
_bspa
_cAR-UNSa-BCEJYS
080 _a658.15
_xAdministración financiera privada. Gestión financiera de empresas
245 1 0 _aCómo comprender las finanzas de una compañia
_pUn enfoque gráfico
020 _a958-04-0378-3
264 1 _aBogotá :
_bNorma
_c1984
300 _a144 p.
_c17 cm.
505 _a1. Representación del desarrollo de una compañía – 2. Representación del funcionamiento de una compañía – 3. Representación del estado de pérdidas y ganancias – 4. Representación del balance general – 5. La gráfica completa – 6. De cómo las cifras de los informes reflejan las actuaciones de la compañía – 7. De cómo las cifras de los estados financieros reflejan los negocios de una compañía durante un período. 8. Del efectivo y otros bienes – 9. Utilidad y efectivo – 10. Gráfica de una compañía cualquiera – 11. Razones financieras para comparación y análisis – 12. El futuro – 13. ¿Qué pasaría si …? – 14. Evaluación de las finanzas de una compañía – 15. ¿Quién se beneficia de la utilidad? -
041 _aspa
942 _cBK
590 _aniveau_biblio:m niveau_hierar:0
100 1 _aPurcell, W.R.
700 1 _aVélez, Ignacio
999 _c6903
_d6903